Clap your hands! (Record no. 13677)

000 -LEADER
fixed length control field 00841nam a2200217 a 4500
001 - CONTROL NUMBER
control field :::00011500$&:&@@
003 - CONTROL NUMBER IDENTIFIER
control field OkBaRHE
005 - DATE AND TIME OF LATEST TRANSACTION
control field 20100331132652.0
008 - FIXED-LENGTH DATA ELEMENTS--GENERAL INFORMATION
fixed length control field s1973 j 000 0 eng u
020 ## - INTERNATIONAL STANDARD BOOK NUMBER
International Standard Book Number 0882700723\0882700731 (pbk.)
040 ## - CATALOGING SOURCE
Transcribing agency
100 1# - MAIN ENTRY--PERSONAL NAME
Personal name Tomczak, Larry, 1949-
245 10 - TITLE STATEMENT
Title Clap your hands!
260 ## - PUBLICATION, DISTRIBUTION, ETC. (IMPRINT)
Place of publication, distribution, etc Plainfield, NJ., :
Name of publisher, distributor, etc Logos International
Date of publication, distribution, etc 1973
300 ## - PHYSICAL DESCRIPTION
Extent 143 p. : photos ;
Dimensions 21 cm.
650 ## - SUBJECT ADDED ENTRY--TOPICAL TERM
Topical term or geographic name as entry element Tomczak, Larry, 1949-
942 ## - ADDED ENTRY ELEMENTS (KOHA)
Source of classification or shelving scheme
Koha item type Books
Copies
Date last seen Shelving location Copy number Not for loan Barcode Koha item type Damaged status Date acquired Lost status Source of classification or shelving scheme Permanent Location Withdrawn status Full call number Price effective from
2010-04-14General Stacks1 11500Books 2010-04-14  RHEMA Bible Training College BX 4705 .T68144 A332010-04-14
2010-04-14General Stacks2 20871Books 2010-04-14  RHEMA Bible Training College BX 4705 .T68144 A332010-04-14
2010-04-14General Stacks3 20960Books 2010-04-14  RHEMA Bible Training College BX 4705 .T68144 A332010-04-14